000 00248nam a2200097Ia 4500
001 1252986
005 20251031150945.0
008 251031s9999 xx 000 0 und d
245 0 _cMUSTAFA ORAKÇI
_aV-11 LEVENT BURSADA
260 _bTİMAŞ YAYINLARI
999 _c1252986
_d1252986